| 000 | 00354 a2200169 4500 | ||
|---|---|---|---|
| 001 | 190133 | ||
| 020 | _a85-01-05571-9 | ||
| 040 | _cMagnum | ||
| 100 | _aOrthof, Sylvia | ||
| 240 | 1 | 0 |
_aPererĂª na pororoca _lpor |
| 245 | 1 | 0 | _aPererĂª na pororoca |
| 300 | _a22 | ||
| 362 | 0 | _a2002 | |
| 440 | 1 | _aRecord | |
| 697 | _aLITERATURA INFANTO | ||
| 942 | _cBK | ||
| 999 |
_c190133 _d190133 |
||